[Event "Prague Golden rap op 11th"]
[Site "Prague"]
[Date "2015.06.27"]
[Round "7"]
[White "Pochinkov, Andrey"]
[Black "Vladyka, Vaclav"]
[Result "1-0"]
[WhiteElo "2087"]
[BlackElo "1939"]
[PlyCount "58"]
[EventDate "2015.06.27"]
[EventType "swiss (rapid)"]
[EventRounds "7"]
[EventCountry "CZE"]
[SourceTitle "EXT 2017"]
[Source "ChessBase"]
[SourceDate "2016.10.25"]
[SourceVersion "1"]
[SourceVersionDate "2016.10.25"]
[SourceQuality "1"]

1. Nf3 d5 2. b3 Nf6 3. Bb2 g6 4. d4 Bg7 5. Nbd2 0-0 6. e3 b6 7. Bd3 Bb7 8. Ne5 Nbd7 9. f4 Ne4 10. Qf3 f5 11. h4 Nxe5 12. dxe5 e6 13. h5 Kf7 14. g4 Qe7 15. 0-0-0 a5 16. hxg6+ hxg6 17. gxf5 exf5 18. Rh7 Qe6 19. Qg2 Rh8 20. Nf3 Kg8 21. Rxh8+ Bxh8 22. Bxe4 fxe4 23. Ng5 Qe7 24. Rh1 a4 25. Rxh8+ Kxh8 26. Qh3+ Kg8 27. e6 d4 28. Bxd4 Qa3+ 29. Kd1 Kf8 1-0

[Event "Prague op-A 14th"]
[Site "Prague"]
[Date "2015.01.10"]
[Round "3"]
[White "Vladyka, Vaclav"]
[Black "Trochta, Vojtech"]
[Result "1-0"]
[WhiteElo "1959"]
[BlackElo "1755"]
[PlyCount "41"]
[EventDate "2015.01.09"]
[EventType "swiss"]
[EventRounds "9"]
[EventCountry "CZE"]
[SourceTitle "CBM 164 Extra"]
[Source "ChessBase"]
[SourceDate "2015.03.02"]
[SourceVersion "1"]
[SourceVersionDate "2015.03.02"]
[SourceQuality "1"]

1. e4 g6 2. d4 Bg7 3. Nf3 d6 4. Nc3 a6 5. a4 b6 6. Bc4 Bb7 7. 0-0 Nd7 8. Re1 c5 9. Bd5 Qc7 10. Ng5 Nh6 11. Bxf7+ Nxf7 12. Ne6 Qc8 13. Nxg7+ Kf8 14. Ne6+ Kg8 15. d5 Nf8 16. Ng5 h6 17. Nxf7 Kxf7 18. Qf3+ Kg7 19. e5 Qc7 20. e6 Nh7 21. Qf7# 1-0

[Event "Leutersdorf Muench Braeu op 09th"]
[Site "Leutersdorf"]
[Date "2004.02.09"]
[Round "5"]
[White "Fiedler, Frank"]
[Black "Vladyka, Vaclav"]
[Result "1/2-1/2"]
[WhiteElo "1841"]
[BlackElo "2080"]
[PlyCount "54"]
[EventDate "2004.02.07"]
[EventType "swiss"]
[EventRounds "9"]
[EventCountry "GER"]
[SourceTitle "CBM 098 Extra"]
[Source "ChessBase"]
[SourceDate "2004.03.10"]
[SourceVersion "2"]
[SourceVersionDate "2004.03.10"]
[SourceQuality "1"]

1. e4 c5 2. Nf3 d6 3. d4 cxd4 4. c3 d3 5. c4 Nf6 6. Nc3 g6 7. Bxd3 Bg7 8. 0-0 0-0 9. h3 a6 10. Be3 Nbd7 11. Rc1 b6 12. Qe2 Bb7 13. Bb1 Rc8 14. Rfd1 Qc7 15. Nd5 Nxd5 16. exd5 Nf6 17. Nd4 Qd7 18. b3 b5 19. Qd3 bxc4 20. bxc4 e6 21. dxe6 fxe6 22. Nb3 d5 23. Nc5 Qf7 24. Nxb7 Qxb7 25. cxd5 Nxd5 26. Qe4 Qf7 27. Rxc8 Rxc8 1/2-1/2

[Event "Leutersdorf Muench Braeu op 09th"]
[Site "Leutersdorf"]
[Date "2004.02.09"]
[Round "6"]
[White "Vladyka, Vaclav"]
[Black "Graf, Felix"]
[Result "0-1"]
[WhiteElo "2080"]
[BlackElo "2044"]
[PlyCount "80"]
[EventDate "2004.02.07"]
[EventType "swiss"]
[EventRounds "9"]
[EventCountry "GER"]
[SourceTitle "CBM 098 Extra"]
[Source "ChessBase"]
[SourceDate "2004.03.10"]
[SourceVersion "2"]
[SourceVersionDate "2004.03.10"]
[SourceQuality "1"]

1. e4 e6 2. d4 d5 3. exd5 exd5 4. Bd3 Bd6 5. Nf3 Bg4 6. 0-0 Ne7 7. c3 Nbc6 8. Bg5 Qd7 9. Nbd2 0-0-0 10. Qc2 f6 11. Bh4 Bf5 12. Bg3 Bxd3 13. Qxd3 Nf5 14. Bxd6 Nxd6 15. Rfe1 g5 16. Nf1 g4 17. N3d2 f5 18. b4 h5 19. b5 Ne7 20. c4 Ng6 21. Qa3 Kb8 22. cxd5 Nxb5 23. Qb2 Nf4 24. Rab1 Nd3 25. Qxb5 Qxb5 26. Rxb5 Nxe1 27. Ne3 Nd3 28. Nec4 Rhe8 29. Na5 Re1+ 30. Nf1 Nc1 31. g3 Kc8 32. Nxb7 Rg8 33. Kg2 f4 34. gxf4 h4 35. Nd2 Ne2 36. f3 Nxf4+ 37. Kf2 Re2+ 38. Kf1 Rxd2 39. Na5 g3 40. hxg3 hxg3 0-1

[Event "Leutersdorf Muench Braeu op 09th"]
[Site "Leutersdorf"]
[Date "2004.02.07"]
[Round "1"]
[White "Shahin, Walid"]
[Black "Vladyka, Vaclav"]
[Result "1/2-1/2"]
[WhiteElo "1794"]
[BlackElo "2080"]
[PlyCount "59"]
[EventDate "2004.02.07"]
[EventType "swiss"]
[EventRounds "9"]
[EventCountry "GER"]
[SourceTitle "CBM 098 Extra"]
[Source "ChessBase"]
[SourceDate "2004.03.10"]
[SourceVersion "2"]
[SourceVersionDate "2004.03.10"]
[SourceQuality "1"]

1. d4 Nf6 2. c4 g6 3. Nc3 d5 4. cxd5 Nxd5 5. e4 Nxc3 6. bxc3 c5 7. Bc4 Bg7 8. Be3 cxd4 9. cxd4 0-0 10. Ne2 Nc6 11. 0-0 e6 12. Rc1 Bd7 13. Qd2 Qa5 14. d5 Qxd2 15. Bxd2 exd5 16. Bxd5 Rab8 17. Rfd1 Be6 18. Bxe6 fxe6 19. Be3 Rbd8 20. Nf4 Kf7 21. Nd3 a6 22. Bb6 Rd7 23. Nc5 Rxd1+ 24. Rxd1 Bd4 25. Nd7 Bxb6 26. Nxb6 Rd8 27. Rxd8 Nxd8 28. Kf1 Nc6 29. Ke2 Ke7 30. f4 1/2-1/2

[Event "Plzen op-A 10th"]
[Site "Plzen"]
[Date "2004.??.??"]
[Round "1"]
[White "Gross, Stefan"]
[Black "Vladyka, Vaclav"]
[Result "1-0"]
[WhiteElo "2290"]
[BlackElo "2045"]
[PlyCount "85"]
[EventDate "2004.08.??"]
[EventType "swiss"]
[EventRounds "9"]
[EventCountry "CZE"]
[SourceTitle "EXT 2007"]
[Source "ChessBase"]
[SourceDate "2006.11.23"]
[SourceVersion "1"]
[SourceVersionDate "2006.11.23"]
[SourceQuality "1"]

1. Nf3 Nf6 2. c4 c5 3. Nc3 Nc6 4. e3 g6 5. d4 cxd4 6. exd4 d6 7. d5 Nb8 8. Be2 Bg7 9. Be3 0-0 10. 0-0 Bg4 11. h3 Bxf3 12. Bxf3 Nbd7 13. Be2 a6 14. Rc1 Rc8 15. Qd2 Re8 16. b3 Nf8 17. Na4 N6d7 18. Qb4 Rc7 19. Rfd1 Qb8 20. Nb6 Nxb6 21. Bxb6 Rcc8 22. Bg4 f5 23. Be2 Nd7 24. Be3 Qc7 25. Qd2 Nf6 26. Bf3 Qd7 27. b4 Rf8 28. c5 Ne4 29. Bxe4 fxe4 30. c6 bxc6 31. dxc6 Qf5 32. a4 Kh8 33. Qd5 Be5 34. b5 e6 35. Qd2 axb5 36. axb5 g5 37. Qe2 d5 38. b6 Rf7 39. Qg4 d4 40. Rxd4 Bf4 41. Qxf5 exf5 42. b7 Rxb7 43. cxb7 1-0

[Event "Plzen op-A 10th"]
[Site "Plzen"]
[Date "2004.??.??"]
[Round "7"]
[White "Vladyka, Vaclav"]
[Black "Novy, Vaclav"]
[Result "0-1"]
[WhiteElo "2045"]
[BlackElo "2090"]
[PlyCount "106"]
[EventDate "2004.08.??"]
[EventType "swiss"]
[EventRounds "9"]
[EventCountry "CZE"]
[SourceTitle "EXT 2007"]
[Source "ChessBase"]
[SourceDate "2006.11.23"]
[SourceVersion "1"]
[SourceVersionDate "2006.11.23"]
[SourceQuality "1"]

1. e4 c5 2. Nf3 d6 3. d4 cxd4 4. Nxd4 Nf6 5. Nc3 g6 6. Be2 Bg7 7. 0-0 0-0 8. Be3 Nc6 9. Qd2 Ng4 10. Bxg4 Bxg4 11. Nxc6 bxc6 12. Bh6 Qb6 13. Bxg7 Kxg7 14. h3 Be6 15. b3 f6 16. Qe3 Qxe3 17. fxe3 a5 18. Ne2 Rab8 19. Rad1 Rb4 20. Rd4 Rb5 21. c4 Re5 22. Nf4 c5 23. Nxe6+ Rxe6 24. Rd3 Rxe4 25. Rf4 Rxf4 26. exf4 Rb8 27. Kf2 Kf7 28. Kf3 Rb6 29. g4 f5 30. g5 Rb4 31. Ke3 a4 32. Kd2 axb3 33. axb3 Rb7 34. Kc3 Ke6 35. h4 Ra7 36. Kb2 Kf7 37. Rd1 Ra8 38. Re1 h6 39. Rh1 Rh8 40. Rf1 hxg5 41. hxg5 Rh3 42. Kc2 Re3 43. Rf2 e5 44. fxe5 Rxe5 45. Rf3 Re4 46. Rd3 Ke6 47. Kc3 Rg4 48. b4 cxb4+ 49. Kxb4 Rxg5 50. Kb5 f4+ 51. Kb4 Rf5 52. Rd1 f3 53. Re1+ Kf6 0-1

[Event "Plzen op-A 10th"]
[Site "Plzen"]
[Date "2004.??.??"]
[Round "2"]
[White "Vladyka, Vaclav"]
[Black "Vojir, Vaclav"]
[Result "1/2-1/2"]
[WhiteElo "2045"]
[BlackElo "1720"]
[PlyCount "40"]
[EventDate "2004.08.??"]
[EventType "swiss"]
[EventRounds "9"]
[EventCountry "CZE"]
[SourceTitle "EXT 2007"]
[Source "ChessBase"]
[SourceDate "2006.11.23"]
[SourceVersion "1"]
[SourceVersionDate "2006.11.23"]
[SourceQuality "1"]

1. e4 c6 2. d4 d5 3. exd5 cxd5 4. Bd3 e6 5. Nf3 Nf6 6. 0-0 Bd6 7. Re1 0-0 8. c3 Nbd7 9. Nbd2 a5 10. Ne5 Qc7 11. Ndf3 b6 12. Bg5 h6 13. Bh4 Bb7 14. Nxd7 Nxd7 15. Qe2 Qc8 16. a4 Ba6 17. Bxa6 Qxa6 18. Qxa6 Rxa6 19. Bg3 Bxg3 20. hxg3 Ra7 1/2-1/2

[Event "Plzen op-A 9th"]
[Site "Plzen"]
[Date "2003.08.16"]
[Round "1"]
[White "Vladyka, Vaclav"]
[Black "Gross, Stefan"]
[Result "0-1"]
[WhiteElo "2079"]
[BlackElo "2328"]
[PlyCount "90"]
[EventDate "2003.08.16"]
[EventType "swiss"]
[EventRounds "9"]
[EventCountry "CZE"]
[SourceTitle "CBM 095 Extra"]
[Source "ChessBase"]
[SourceDate "2003.09.04"]
[SourceVersion "1"]
[SourceVersionDate "2003.09.04"]
[SourceQuality "1"]

1. e4 c5 2. Nf3 e6 3. c4 a6 4. Nc3 b6 5. d3 d6 6. Be2 Nd7 7. 0-0 Ngf6 8. b3 Be7 9. Bb2 Bb7 10. Qc2 0-0 11. Rfe1 Qc7 12. Bf1 Ne5 13. Qe2 Nfd7 14. Nxe5 dxe5 15. Nd1 Nb8 16. Ne3 Nc6 17. Nc2 Bg5 18. Bc1 Bxc1 19. Raxc1 Qe7 20. Qe3 Rad8 21. Qg3 f6 22. Rcd1 Rd6 23. Rd2 Rfd8 24. f3 R6d7 25. Qf2 Qd6 26. g3 Rf7 27. Qe3 f5 28. exf5 exf5 29. Qf2 e4 30. f4 Nd4 31. Nxd4 cxd4 32. Rb2 e3 33. Qe2 g5 34. Qh5 gxf4 35. Bg2 fxg3 36. Bxb7 Rxb7 37. hxg3 Rg7 38. Rg2 Rf8 39. Qf3 Kh8 40. Rf1 Rg4 41. Kh1 Qh6+ 42. Rh2 Qg6 43. Rg1 f4 44. Rhg2 Rg8 45. Qd5 fxg3 0-1

[Event "Leutersdorf Muench Braeu op 08th"]
[Site "Leutersdorf"]
[Date "2003.02.16"]
[Round "9"]
[White "Vladyka, Vaclav"]
[Black "Schiefner, Ray"]
[Result "1-0"]
[WhiteElo "2074"]
[BlackElo "1683"]
[PlyCount "69"]
[EventDate "2003.02.12"]
[EventType "swiss"]
[EventRounds "9"]
[EventCountry "GER"]
[SourceTitle "CBM 092 Extra"]
[Source "ChessBase"]
[SourceDate "2003.03.07"]
[SourceVersion "1"]
[SourceVersionDate "2003.03.07"]
[SourceQuality "1"]

1. e4 e6 2. d4 d5 3. exd5 exd5 4. Bd3 Bd6 5. h3 Ne7 6. Nf3 Nbc6 7. 0-0 h6 8. c3 Be6 9. Re1 Qd7 10. Ne5 Bxe5 11. dxe5 0-0-0 12. Qa4 a6 13. Qa3 Nb8 14. Be3 g5 15. Nd2 Nf5 16. Bd4 Nh4 17. Re3 Rdg8 18. Nb3 g4 19. hxg4 Rxg4 20. g3 Nf5 21. Bxf5 Bxf5 22. e6 fxe6 23. Bxh8 Qe8 24. Bf6 Nc6 25. Nd4 Be4 26. Nxc6 bxc6 27. Qxa6+ Kd7 28. Qa3 Qh5 29. Rxe4 Rxe4 30. Qf8 c5 31. Qg7+ Kc6 32. Bd8 Qf3 33. Qxc7+ Kb5 34. Qb6+ Kc4 35. Qb3+ 1-0

[Event "Leutersdorf Muench Braeu op 08th"]
[Site "Leutersdorf"]
[Date "2003.02.13"]
[Round "3"]
[White "Vladyka, Vaclav"]
[Black "Natsidis, Christoph"]
[Result "0-1"]
[WhiteElo "2074"]
[BlackElo "1705"]
[PlyCount "106"]
[EventDate "2003.02.12"]
[EventType "swiss"]
[EventRounds "9"]
[EventCountry "GER"]
[SourceTitle "CBM 092 Extra"]
[Source "ChessBase"]
[SourceDate "2003.03.07"]
[SourceVersion "1"]
[SourceVersionDate "2003.03.07"]
[SourceQuality "1"]

1. e4 e6 2. d4 d5 3. exd5 exd5 4. Bd3 Bd6 5. h3 Nf6 6. Nf3 0-0 7. 0-0 Nc6 8. c3 Ne4 9. Qc2 f5 10. b3 Qe7 11. Re1 Be6 12. Re2 h6 13. a4 Qf6 14. Ba3 Rac8 15. Nbd2 Ne7 16. b4 Ng6 17. Ree1 Nf4 18. Bf1 Qg6 19. g3 Nxg3 20. Re5 Nxf1+ 21. Kxf1 Qg2+ 22. Ke1 Bxe5 23. Nxe5 Nxh3 24. Nb3 Qg1+ 25. Kd2 Qxf2+ 26. Kc1 Qxc2+ 27. Kxc2 Rfe8 28. b5 Nf4 29. a5 g5 30. Bc1 Ne2 31. Bd2 f4 32. Re1 Bf5+ 33. Kb2 Ng3 34. Ra1 Ne4 35. a6 b6 36. Be1 Nd6 37. Ka3 Nc4+ 38. Nxc4 dxc4 39. Nd2 Bd3 40. Kb4 g4 41. Nxc4 Bxc4 42. Kxc4 Rcd8 43. Bh4 Rd7 44. Bf6 Re3 45. d5 f3 46. Bd4 Re2 47. Rh1 Rh7 48. Rh4 g3 49. Rh3 Rg2 50. d6 cxd6 51. Kd5 f2 52. Rh1 Rh2 53. Rf1 g2 0-1

[Event "CZE-chT2 0304"]
[Site "Czech Republic"]
[Date "2003.??.??"]
[Round "?"]
[White "Cichy, Miroslav"]
[Black "Vladyka, Vaclav"]
[Result "1/2-1/2"]
[WhiteElo "2090"]
[BlackElo "2045"]
[PlyCount "26"]
[EventDate "2003.10.??"]
[EventType "team"]
[EventRounds "11"]
[EventCountry "CZE"]
[SourceTitle "EXT 2007"]
[Source "ChessBase"]
[SourceDate "2006.11.23"]
[SourceVersion "1"]
[SourceVersionDate "2006.11.23"]
[SourceQuality "1"]

1. e4 c5 2. f4 g6 3. Nf3 Bg7 4. c3 e6 5. Bb5 Ne7 6. 0-0 0-0 7. d3 Nbc6 8. Qe1 b6 9. Na3 Bb7 10. Nc4 Qc7 11. Bxc6 Nxc6 12. Nce5 Nxe5 13. Nxe5 d5 1/2-1/2

[Event "Schneider Bohemia op"]
[Site "Plzen"]
[Date "2001.08.25"]
[Round "8"]
[White "Vladyka, Vaclav"]
[Black "Hallerova, Eva"]
[Result "1/2-1/2"]
[WhiteElo "2057"]
[BlackElo "2151"]
[PlyCount "29"]
[EventDate "2001.08.18"]
[EventType "swiss"]
[EventRounds "9"]
[EventCountry "CZE"]
[SourceTitle "EXT 2002"]
[Source "ChessBase"]
[SourceDate "2001.11.25"]
[SourceVersion "1"]
[SourceVersionDate "2001.11.25"]
[SourceQuality "1"]

1. e4 Nf6 2. e5 Nd5 3. d4 d6 4. Nf3 Bg4 5. Be2 e6 6. 0-0 Be7 7. h3 Bh5 8. exd6 Bxd6 9. Ne5 Bxe2 10. Qxe2 Bxe5 11. dxe5 Qe7 12. c4 Nb4 13. a3 N4c6 14. Nc3 Nd7 15. Bf4 1/2-1/2

[Event "CZE-chT2b 0001"]
[Site "Czech Republic"]
[Date "2001.??.??"]
[Round "?"]
[White "Vladyka, Vaclav"]
[Black "Marsalek, Zdenek"]
[Result "0-1"]
[WhiteElo "2065"]
[BlackElo "2265"]
[PlyCount "80"]
[EventDate "2000.??.??"]
[EventType "team"]
[EventRounds "11"]
[EventCountry "CZE"]
[SourceTitle "EXT 2003"]
[Source "ChessBase"]
[SourceDate "2002.11.25"]
[SourceVersion "1"]
[SourceVersionDate "2002.11.25"]
[SourceQuality "1"]

1. e4 c5 2. Nf3 Nc6 3. d4 cxd4 4. Nxd4 Nf6 5. Nc3 e5 6. Ndb5 d6 7. Bg5 a6 8. Na3 b5 9. Nd5 Qa5+ 10. Qd2 Qxd2+ 11. Bxd2 Nxd5 12. exd5 Ne7 13. c4 bxc4 14. Bxc4 Bb7 15. 0-0 Nxd5 16. f4 Be7 17. Rae1 f6 18. Bb3 Nb6 19. Nc2 Bd5 20. Bxd5 Nxd5 21. Nb4 Nxb4 22. Bxb4 Rb8 23. a3 Rb5 24. Rc1 Kd7 25. fxe5 fxe5 26. Rc2 Rf8 27. Rxf8 Bxf8 28. Rf2 Ke8 29. Rc2 a5 30. Rc8+ Kf7 31. Bc3 Be7 32. Ra8 Ke6 33. a4 Rb3 34. Rxa5 d5 35. Ra6+ Kf5 36. Rc6 d4 37. Bd2 Rxb2 38. Bc1 Ra2 39. Rc4 Ke4 40. Kf1 Kd3 0-1

[Event "Schneider Bohemia op-A"]
[Site "Plzen"]
[Date "2000.??.??"]
[Round "?"]
[White "Drahorad, Daniel"]
[Black "Vladyka, Vaclav"]
[Result "1/2-1/2"]
[WhiteElo "1815"]
[BlackElo "2065"]
[PlyCount "52"]
[EventDate "2000.??.??"]
[EventType "swiss"]
[EventRounds "9"]
[EventCountry "CZE"]
[SourceTitle "EXT 2003"]
[Source "ChessBase"]
[SourceDate "2002.11.25"]
[SourceVersion "1"]
[SourceVersionDate "2002.11.25"]
[SourceQuality "1"]

1. e4 c5 2. Nc3 Nc6 3. f4 g6 4. Nf3 Bg7 5. Bb5 d6 6. 0-0 Bd7 7. Kh1 Nh6 8. d3 f5 9. Bxc6 bxc6 10. Ne2 0-0 11. c3 e6 12. Qc2 Nf7 13. Be3 Qa5 14. h3 Rab8 15. g4 Qb5 16. Rab1 a5 17. Ng3 c4 18. d4 Nh6 19. g5 Nf7 20. e5 d5 21. Rg1 a4 22. a3 Qa5 23. h4 Rb5 24. h5 Re8 25. hxg6 hxg6 26. Nh4 Nh8 1/2-1/2

[Event "Schneider Bohemia op-A"]
[Site "Plzen"]
[Date "2000.??.??"]
[Round "?"]
[White "Priborsky, Ivo"]
[Black "Vladyka, Vaclav"]
[Result "1/2-1/2"]
[WhiteElo "1955"]
[BlackElo "2065"]
[PlyCount "52"]
[EventDate "2000.??.??"]
[EventType "swiss"]
[EventRounds "9"]
[EventCountry "CZE"]
[SourceTitle "EXT 2003"]
[Source "ChessBase"]
[SourceDate "2002.11.25"]
[SourceVersion "1"]
[SourceVersionDate "2002.11.25"]
[SourceQuality "1"]

1. e4 e5 2. Nf3 Nc6 3. Bc4 Nf6 4. d4 Nxd4 5. Bxf7+ Kxf7 6. Nxe5+ Kg8 7. Qxd4 c5 8. Qc4+ d5 9. exd5 Qxd5 10. Qxd5+ Nxd5 11. 0-0 Bf5 12. Na3 Re8 13. f4 h5 14. c4 Nf6 15. b3 h4 16. Bb2 h3 17. g3 Rh6 18. Nb5 a6 19. Nc3 Ng4 20. Nd5 Bd6 21. Nxg4 Bxg4 22. Rae1 Rhe6 23. Rxe6 Rxe6 24. Nc3 Bc7 25. Kf2 Ba5 26. Re1 Rd6 1/2-1/2

[Event "Schneider Bohemia op-A"]
[Site "Plzen"]
[Date "2000.??.??"]
[Round "?"]
[White "Strnad, Josef"]
[Black "Vladyka, Vaclav"]
[Result "1/2-1/2"]
[WhiteElo "1920"]
[BlackElo "2065"]
[PlyCount "83"]
[EventDate "2000.??.??"]
[EventType "swiss"]
[EventRounds "9"]
[EventCountry "CZE"]
[SourceTitle "EXT 2003"]
[Source "ChessBase"]
[SourceDate "2002.11.25"]
[SourceVersion "1"]
[SourceVersionDate "2002.11.25"]
[SourceQuality "1"]

1. Nf3 Nf6 2. g3 g6 3. Bg2 Bg7 4. c4 c5 5. Nc3 Nc6 6. 0-0 0-0 7. d3 d6 8. Rb1 Bd7 9. e3 Qc8 10. Bd2 Bh3 11. a3 Bxg2 12. Kxg2 a5 13. Qe2 Qd7 14. Nb5 Ne5 15. d4 Nxf3 16. Qxf3 cxd4 17. exd4 Qc6 18. Rfc1 Qxf3+ 19. Kxf3 Rfc8 20. d5 Nd7 21. Ke2 Ne5 22. b3 h5 23. f4 Ng4 24. h3 Nh6 25. Bc3 Bxc3 26. Rxc3 Kg7 27. Kf3 Ng8 28. Rbc1 b6 29. Re1 Kf6 30. Nd4 Rc7 31. Rce3 a4 32. Nc6 axb3 33. Rxb3 e6 34. Ree3 Ne7 35. Nxe7 Kxe7 36. Rxb6 Rxc4 37. g4 hxg4+ 38. hxg4 Raa4 39. Rb7+ Kf8 40. dxe6 Rxf4+ 41. Ke2 fxe6 42. Rxe6 1/2-1/2

[Event "Schneider Bohemia op-A"]
[Site "Plzen"]
[Date "2000.??.??"]
[Round "?"]
[White "Vladyka, Vaclav"]
[Black "Dolezal, Radoslav"]
[Result "0-1"]
[WhiteElo "2065"]
[BlackElo "2355"]
[PlyCount "94"]
[EventDate "2000.??.??"]
[EventType "swiss"]
[EventRounds "9"]
[EventCountry "CZE"]
[SourceTitle "EXT 2003"]
[Source "ChessBase"]
[SourceDate "2002.11.25"]
[SourceVersion "1"]
[SourceVersionDate "2002.11.25"]
[SourceQuality "1"]

1. e4 e5 2. Nf3 Nc6 3. Nc3 Nf6 4. Bb5 Bb4 5. d3 d6 6. 0-0 0-0 7. h3 Ne7 8. a3 Bxc3 9. bxc3 c6 10. Ba4 Ng6 11. c4 Nd7 12. Bb3 Nc5 13. Be3 f5 14. Bg5 Qc7 15. exf5 Rxf5 16. Qe2 Bd7 17. Bd2 Raf8 18. Ng5 h6 19. Ne4 Ne6 20. Ng3 R5f7 21. Be3 Ngf4 22. Qd2 Ng5 23. Bxf4 Rxf4 24. Qe3 Kh8 25. Ne4 Nxe4 26. dxe4 c5 27. Rad1 Bc6 28. f3 g5 29. g3 R4f6 30. Kg2 Qg7 31. g4 Qg6 32. c3 Qf7 33. Kg3 Kg7 34. Qe2 h5 35. Kg2 Rh8 36. Rh1 Qg6 37. Bc2 Kf7 38. a4 Ke7 39. a5 Qg7 40. Ra1 Bd7 41. Rab1 Bc8 42. Bd3 Kd8 43. Qb2 Rfh6 44. Qd2 Kc7 45. Qe3 Be6 46. Qe2 Qh7 47. Qb2 Bc8 0-1

[Event "Schneider Bohemia op-A"]
[Site "Plzen"]
[Date "2000.??.??"]
[Round "?"]
[White "Vymetal, Milan"]
[Black "Vladyka, Vaclav"]
[Result "1/2-1/2"]
[WhiteElo "1810"]
[BlackElo "2065"]
[PlyCount "39"]
[EventDate "2000.??.??"]
[EventType "swiss"]
[EventRounds "9"]
[EventCountry "CZE"]
[SourceTitle "EXT 2003"]
[Source "ChessBase"]
[SourceDate "2002.11.25"]
[SourceVersion "1"]
[SourceVersionDate "2002.11.25"]
[SourceQuality "1"]

1. e4 c5 2. Nf3 d6 3. d4 cxd4 4. Nxd4 Nf6 5. Nc3 a6 6. f3 e6 7. Be3 Be7 8. Qd2 Qc7 9. g4 0-0 10. h4 Nc6 11. h5 Nxd4 12. Bxd4 e5 13. Be3 Be6 14. g5 Nd7 15. Bh3 Nb6 16. Bxb6 Qxb6 17. 0-0-0 Qd8 18. Rdg1 Kh8 19. Nd5 Bxd5 20. exd5 1/2-1/2